000 01211nam0a2200373 4500
001 RU\NLR\bibl\145552
005 20260406042740.0
010 _a5-17-002007-4
_913000
021 _aRU
_b2000-42214
_91950
035 _a(NLR Aleph) 000142608
090 _a816733
_c816733
100 _a20010320d2000 |||y0rusy50 ca
101 1 _arus
102 _aRU
105 _ay |||||||||
200 1 _aПылкая страсть
_eРоман
_fЭйна Ли
_g[Пер. с англ. В. И. Матвеева]
210 _aМ.
_cАСТ
_d2000
215 _a349,[1] с.
_d21
225 1 _aОчарование
461 0 _12001#$aОчарование
_tОчарование
610 0 _aСША, 19 в. (х. л.)
610 0 _aПриключенческие романы и рассказы (х. л.)
675 _a821.111(73)-31Ли
_v3
_zrus
686 _a17.82
_2rugasnti
686 _a84(7Сое)-44
_2rubbk
686 _aШ6(7США)67-440.4
700 1 _4070
_8rus
_7ca
_aЛи
_bЭ.
_gЭйна
_3RU\NLR\auth\772921
_9112928
801 0 _aRU
_bRKP
_c20010320
_gPSBO
801 1 _aRU
_bRKP
_c20010320
801 2 _aRU
_bNLR
_c20010514
_grcr
942 _cBOOK
980 _aNB